Digital computer primer. (Record no. 65956)

000 -LEADER
fixed length control field 00448nam a22001697a 4500
003 - CONTROL NUMBER IDENTIFIER
control field NUST - PNEC
005 - DATE AND TIME OF LATEST TRANSACTION
control field 20170116180933.0
008 - FIXED-LENGTH DATA ELEMENTS--GENERAL INFORMATION
fixed length control field 150906b xxu||||| |||| 00| 0 eng d
020 ## - INTERNATIONAL STANDARD BOOK NUMBER
International Standard Book Number -
040 ## - CATALOGING SOURCE
Transcribing agency LIBRARY
082 ## - DEWEY DECIMAL CLASSIFICATION NUMBER
Classification number 004.16 MCC
100 ## - MAIN ENTRY--PERSONAL NAME
9 (RLIN) 8358
Personal name McCormick, Edward Mack
245 ## - TITLE STATEMENT
Title Digital computer primer.
Statement of responsibility, etc. Edward Mack McCormick
260 ## - PUBLICATION, DISTRIBUTION, ETC.
Date of publication, distribution, etc. c.1959
650 ## - SUBJECT ADDED ENTRY--TOPICAL TERM
9 (RLIN) 16663
Topical term or geographic name entry element Digital Computer
General subdivision MIS. Computer Science
942 ## - ADDED ENTRY ELEMENTS (KOHA)
Source of classification or shelving scheme
Koha item type Book
Holdings
Withdrawn status Lost status Source of classification or shelving scheme Damaged status Not for loan Permanent Location Current Location Shelving location Date acquired Total Checkouts Full call number Barcode Date last seen Price effective from Koha item type
          Pakistan Navy Engineering College (PNEC) Pakistan Navy Engineering College (PNEC)       001.64044 MCC PNECLIB-007134 09/06/2015   Book
          Pakistan Navy Engineering College (PNEC) Pakistan Navy Engineering College (PNEC)       004.16 MCC PNECLIB-007133 09/13/2015   Book
          Pakistan Navy Engineering College (PNEC) Pakistan Navy Engineering College (PNEC)       004.16 MCC PNECLIB-007136 10/15/2015   Book
© 2023 Central Library, National University of Sciences and Technology. All Rights Reserved.